Manejo integrado del picudo, anthonomus eugenii en el cultivo de pimiento dulce, capsicum annuun L., variedad california wonder en el centro experimental agrícola CEA – UNI

Presenta el manejo integrado del picudo, anthonomus eugenii en el cultivo de pimiento dulce, capsicum annuun L., variedad california wonder en el centro experimental agrícola CEA – UNI, el cual se realizó mediante la determinación del tratamiento más efectivo para el control del picudo en el pim...

Full description

Bibliographic Details
Main Authors: Sánchez Sánchez, Karen Fabiola, Gamboa Velásquez, Edgar Antonio
Other Authors: Tutor: Romo Trujillo, Josefina
Format: Tesis Section = Libro
Language:Undetermined
Spanish
Published: Managua UNI 2006
Subjects:
LEADER 01313nam a2200265Ia 4500
008 240830s9999 xx 000 0 und d
040 |a BIBLIOTECA-RUPAP Mon 635.643 S194 
041 |a spa 
082 |a Mon 635.643 S194 
100 1 |a Sánchez Sánchez, Karen Fabiola 
100 1 |b  Gamboa Velásquez, Edgar Antonio 
245 1 0 |a Manejo integrado del picudo, anthonomus eugenii en el cultivo de pimiento dulce, capsicum annuun L., variedad california wonder en el centro experimental agrícola CEA – UNI 
260 |a Managua  |b UNI  |c 2006 
300 |a 117 p. :il. 
500 |a Contiene: anexos. 
502 |a Tesis (Ingeniero Agrícola)- UNI, 2006. 
520 3 |a Presenta el manejo integrado del picudo, anthonomus eugenii en el cultivo de pimiento dulce, capsicum annuun L., variedad california wonder en el centro experimental agrícola CEA – UNI, el cual se realizó mediante la determinación del tratamiento más efectivo para el control del picudo en el pimiento dulce y analizar los niveles de daño económico que causa la plaga. 
650 7 |a PIMIENTOS DULCES – CULTIVO 
650 7 |b PIMIENTOS VERDES 
650 7 |c FERTILIZACION 
650 7 |d PIMIENTOS DULCES – ENFERMEDADES Y PLAGAS 
700 1 |a Tutor:  |b Romo Trujillo, Josefina 
942 |c BK  |2 ddc 
991 |a TESIS 
999 |c 16777